| 000 | 00478nam a2200157 4500 | ||
|---|---|---|---|
| 001 | 114260 | ||
| 003 | ES-MaACL | ||
| 005 | 20230906190119.0 | ||
| 007 | t| | ||
| 008 | 061121s1929 ec r ||||1| spa d | ||
| 100 | 1 |
_aPallarés Arteta, Leónidas. _988578 |
|
| 245 | 1 | 0 |
_aObras poéticas de Leónidas Pallarés Arteta / _cLeónidas Pallarés Arteta. _pTomo I. Poemas y rimas. |
| 260 |
_aQuito : _bGutenberg, _c1929. |
||
| 300 |
_a222 p. ; _c20 cm. |
||
| 852 |
_aES-MaACL _jB-13223 |
||
| 999 |
_c114260 _d114260 |
||